000 01323cas a22003971 4500
001 11144604
003 OSt
005 20140310182849.0
008 740726d195019uunyuqr p 0 a0eng
010 _a 50012721
016 7 _a000279574
_2IsJJNL
022 0 _a1541-0927
_21
035 _a(OCoLC)ocm00964181
040 _aDLC
_beng
_cOClU
_dDLC
_dOCoLC
_dDLC
_dNST
_dDLC
_dJ9U
_dOCoLC
042 _apcc
050 0 0 _aAP 2
_b.R286 1997
082 0 4 _aREF 051
_bR22 1997
210 0 _aRead. dig. cond. books
222 0 _aReader's digest condensed books
245 0 0 _aReader's digest condensed./
_cReader's Digest Association
260 _aNew York :
_bThe Reader's Digest Association, Inc,
_c1997.
300 _a574 p.
_c20 cm.
_bill. : (some col.) ;
362 0 _aspring 1950-
520 _a1. Condensed books 2. Readers digest
521 _aBasic ed. Students
541 _j1
562 _e1
590 _aSERBIB/SERLOC merged record
650 0 _aCondensed books.
776 0 8 _iOnline version:
_tReader's digest condensed books
_w(OCoLC)573302329
785 0 0 _tReader's digest (Condensed books)
_x1541-0919
_w(DLC) 98640155
_w(OCoLC)39311377
906 _a7
_bcbc
_cserials
_d2
_encip
_f19
_gn-oclcserc
936 _aunknown
_aspring 1950
942 _2lcc
_cBK-GR
_kREF
999 _c16965
_d16965